000 00464nam a22001577a 4500
999 _c182057
_d182057
005 20211021162828.0
010 _aEN230921
020 _a9789390356492
_c295.00
037 _bRupa publication
100 _aPnade, Alka
245 _aShakti : 51 sacred Peethas of the Goddess /
_cAlka pande
260 _aNew Delhi
_bRupa Publications
_c2011
270 _a7/16, Ansari Road, Daryaganj
_bNew Delhi
_e110002
300 _a221p.
_c21cm(pbk)
942 _2ddc
_cEN
_mPAN